Sport Tourism Development (Record no. 1026)
[ view plain ]
| 000 -LEADER | |
|---|---|
| Fixed length control field | 00495nam a2200181 4500 |
| 003 - CONTROL NUMBER IDENTIFIER | |
| Control field | SEACOMMC |
| 005 - DATE AND TIME OF LATEST TRANSACTION | |
| Control field | 20250124120316.0 |
| 008 - FIXED-LENGTH DATA ELEMENTS--GENERAL INFORMATION | |
| Fixed length control field | 250124b |||||||| |||| 00| 0 eng d |
| 020 ## - INTERNATIONAL STANDARD BOOK NUMBER / ISBN | |
| International Standard Book Number | 81-309-0178-1 |
| Price | Rs.395.00 |
| 040 ## - CATALOGING SOURCE | |
| Original cataloging agency | SEACOMMC |
| 082 ## - DEWEY DECIMAL CLASSIFICATION NUMBER | |
| Classification number | 338.4791 |
| Book Number | H 659 |
| 100 ## - MAIN ENTRY--PERSONAL NAME | |
| Personal name | Hinch, Thomas |
| 245 1# - TITLE STATEMENT | |
| Title | Sport Tourism Development |
| Statement of responsibility | Thomas Hinch, James Higham |
| 260 ## - IMPRINT | |
| Place of publication | Kolkata |
| Name of publisher | Viva-Books |
| Date of publication | 2006 |
| 440 ## - SERIES STATEMENT | |
| Series Title | Aspects of tourism,13 |
| 650 ## - SUBJECT ADDED ENTRY--TOPICAL TERM | |
| Topical term | Sports and Tourism |
| 942 ## - ADDED ENTRY ELEMENTS (KOHA) | |
| Koha item type | Books |
| Withdrawn status | Lost status | Source of classification | Damaged status | Not for loan | Home library | Current library | Shelving location | Date acquired | Total Checkouts | Call number | Accession number | Date last seen | Price effective from | Koha item type | Copy number |
|---|---|---|---|---|---|---|---|---|---|---|---|---|---|---|---|
| Dewey Decimal Classification | SEACOM MANAGEMENT COLLEGE | SEACOM MANAGEMENT COLLEGE | Reference | 04/01/2008 | 338.4791 H 659 | M-1730 | 24/01/2025 | 24/01/2025 | Books | ||||||
| Dewey Decimal Classification | SEACOM MANAGEMENT COLLEGE | SEACOM MANAGEMENT COLLEGE | 04/01/2008 | 338.4791 H 659 | M-1731 | 24/01/2025 | 24/01/2025 | Books | 1 | ||||||
| Dewey Decimal Classification | SEACOM MANAGEMENT COLLEGE | SEACOM MANAGEMENT COLLEGE | 04/01/2008 | 338.4791 H 659 | M-1732 | 24/01/2025 | 24/01/2025 | Books | 2 |
